Statistiche per Top 15 dei paesi con decessi Covid-19 - 16 febbraio 2022

Clicka qui per fare il quiz!

Statistiche generali

  • Questo quiz è stato fatto 2 volte
  • Il punteggio medio è 11 su 26

Statistiche sulle risposte

paese% Corretto
Argentina
100%
Brasile
100%
Francia
100%
Germania
100%
Italia
100%
Russia
100%
Stati Uniti
100%
Bulgaria
50%
India
50%
Messico
50%
Perù
50%
Polonia
50%
Regno Unito
50%
Romania
50%
Bosnia ed
Erzegovina
0%
Cechia
0%
Colombia
0%
Croazia
0%
Georgia
0%
Indonesia
0%
Iran
0%
Lituania
0%
Macedonia
del Nord
0%
Slovacchia
0%
Slovenia
0%
Ungheria
0%

Distribuzione punteggi

Percentile per numero di risposta

Percentuale di utenti per punteggio

I tuoi punteggi nel tempo

Non hai fatto questo quiz